| 000 | 01165nam a22003377a 4500 | ||
|---|---|---|---|
| 003 | CHAP | ||
| 005 | 20220329143741.0 | ||
| 008 | 110602s1977 mx a r 00010 spa d | ||
| 010 | _a101387 | ||
| 011 | _a102359 | ||
| 035 | _a113047 | ||
| 040 | _cCHAP | ||
| 082 | 0 | 4 |
_a624 _bAg93 |
| 100 | 0 | 0 |
_aAguilar Alcerreca, Jose. _92637 |
| 245 | 1 | 0 |
_aIngeniería de rios y costas _c/por José H. Aguilar Alcerreca, José A. Boyer Orozco y Roberto Sempere Ramírez |
| 260 |
_aMéxico, D.F. : _bArte y Fotografía, _c1977 |
||
| 300 |
_a505 p. : _bilus., gráfs., tablas |
||
| 590 |
_aBATCH-UPD _b10 _c20130110 _lUCH01 _h0913 |
||
| 590 |
_aBATCH-UPD _b10 _c20130410 _lUCH01 _h0538 |
||
| 590 |
_aBATCH-UPD _b10 _c20130914 _lUCH01 _h0748 |
||
| 590 |
_aCONVERSION _b10 _c20130109 _lUCH01 _h1356 |
||
| 650 | 1 | 4 |
_aHidrología. _955257 |
| 650 | 1 | 4 |
_aIngeniería civil _xColecciones de escritos. _958215 |
| 650 | 1 | 4 |
_aIngeniería hidráulica. _958235 |
| 650 | 1 | 4 |
_aRíos. _999166 |
| 700 | 1 |
_aBoyer Orozco, José A. _914884 |
|
| 700 | 1 |
_aSempere Ramírez, Roberto. _9104393 |
|
| 901 | _aBK | ||
| 942 | _cLIBRO | ||
| 949 |
_a624 Ag93 _bBC _cLIBRO _d33724002247413 _eLIBRO _h115105 _i113047 _sb |
||
| 999 |
_c101387 _d101387 |
||